FC Lorient players since 2000 - Statistics

General Stats
  • This quiz has been taken 9 times
  • The average score is 87 of 300
Answer Stats
Ranking Player Positions Nationality Matches Goals Assists Periods % Correct
12 Enzo Le Fée CM 135 7 15 2018-2023
75%
201 Benjamin Mendy LB 15 2 1 2023-2024
63%
114 Formose Mendy CB 40 1 0 2023-2025
63%
3 Jérémy Morel LB 251 12 12 2002-2010, 2020-2022
63%
47 Terem Moffi ST 87 34 7 2020-2023
63%
69 Théo Le Bris LM 68 2 4 2021-2025
63%
111 Alain Traoré AM 41 8 5 2012-2016
50%
256 Cédric Ouattara FW 5 0 0 2004-2005
50%
106 Dango Ouattara LW 43 7 8 2021-2023
50%
194 Ousmane Traoré DF 17 1 0 2003-2004
50%
149 Pablo Pagis ST 29 4 7 2023-2025
50%
37 Raphaël Guerreiro LB 102 10 8 2013-2016
50%
55 Sigamary Diarra LM 79 7 8 2009-2012
50%
80 Stéphane Diarra RW 59 2 1 2020-2022, 2024-2025
50%
46 Yvon Mvogo GK 88 0 0 2022-2025
50%
224 Adil Aouchiche AM 11 0 0 2022-2023
38%
103 Aiyegun Tosin ST 45 5 9 2023-2025
38%
49 Armand Laurienté LW 86 12 14 2019-2023
38%
8 Arnaud Le Lan LB 144 2 2 2000-2001, 2008-2013
38%
133 Arthur Avom CM 32 2 6 2024-2025
38%
187 Ayman Kari CM 19 1 1 2022-2024
38%
67 Bakari Koné RW 68 33 0 2003-2005
38%
132 Bamba Dieng ST 33 8 1 2022-2025
38%
186 Bamo Meïté CB 19 1 0 2022-2024
38%
253 Bandiougou Fadiga AM 6 0 1 2024-2025
38%
154 Benjamin Corgnet AM 26 5 5 2012-2013
38%
21 Benjamin Lecomte GK 119 0 0 2010-2017
38%
285 Benjamin Leroy GK 1 0 0 2024-2025
38%
85 Benjamin Moukandjo ST 56 26 3 2015-2017
38%
109 Bonke Innocent DM 41 0 1 2021-2024
38%
24 Bruno Ecuele Manga CB 118 4 0 2010-2015
38%
98 Danijel Petkovic GK 47 0 0 2017-2019
38%
66 Darlin Yongwa LB 69 3 9 2022-2025
38%
40 Elie Kroupi ST 96 30 0 2000-2004
38%
78 Eli Junior Kroupi ST 61 27 6 2022-2025
38%
1 Fabien Audard GK 323 1 0 2002-2003, 2005-2015
38%
68 Gédéon Kalulu RB 68 0 5 2022-2025
38%
59 Houboulang Mendes RB 77 0 4 2018-2022
38%
87 Ibrahima Koné ST 54 12 2 2021-2024
38%
72 Igor Silva RB 65 0 1 2021-2025
38%
152 Illan Meslier GK 28 0 0 2018-2019
38%
161 Isaak Touré CB 24 1 1 2023-2024
38%
104 Jean-Victor Makengo CM 44 1 2 2022-2025
38%
45 Jérémie Aliadière ST 89 26 16 2011-2013, 2016-2017
38%
119 Joel Mvuka RW 37 3 1 2023-2025
38%
6 Julien Laporte CB 151 5 1 2019-2025
38%
22 Julien Ponceau AM 119 9 13 2018-2019, 2022-2025
38%
35 Kévin Gameiro ST 108 50 23 2008-2011
38%
17 Lamine Koné CB 126 7 2 2010-2016
38%
5 Laurent Abergel DM 191 8 13 2019-2025
38%
124 Laurent Koscielny CB 35 3 0 2009-2010
38%
48 Marama Vahirua CF 86 19 21 2007-2010
38%
79 Mathias Autret AM 60 3 4 2010-2012, 2014-2015
38%
157 Mattéo Guendouzi CM 26 0 1 2016-2018
38%
32 Maxime Barthelmé LM 110 3 14 2009-2010, 2011-2017
38%
127 Mohamed Bamba ST 34 11 10 2023-2025
38%
43 Montassar Talbi CB 93 2 3 2022-2025
38%
160 Nathaniel Adjei CB 24 0 0 2023-2025
38%
120 Panos Katseris RM 37 5 1 2023-2025
38%
19 Pierre-Yves Hamel ST 121 43 11 2016-2022
38%
199 Samassi Abou ST 16 0 0 2002-2003
38%
89 Sambou Soumano ST 53 17 3 2021-2022, 2024-2025
38%
205 Sébastien Hamel GK 15 0 0 2001-2002
38%
82 Seydou Keita CM 58 1 0 2000-2002
38%
184 Sidy Sarr DM 19 0 0 2018-2019
38%
168 Siriné Doucouré ST 23 1 5 2022-2024
38%
73 Steven Moreira RB 63 1 5 2016-2018
38%
117 Vincent Aboubakar ST 37 17 8 2013-2015
38%
2 Vincent Le Goff LB 301 10 24 2014-2024
38%
191 Vito Mannone GK 18 0 0 2022-2023
38%
25 Yoane Wissa ST 117 35 14 2017-2021
38%
239 Abdoulaye Koulibaly ST 8 1 0 2003-2004
25%
281 Abdoul Sakirou Bila ST 2 0 0 2018-2019
25%
90 Adrian Grbic ST 52 5 0 2020-2024
25%
182 Alain Cantareil LB 19 0 2 2007-2008
25%
51 Alaixys Romao DM 83 2 3 2010-2013
25%
297 Alban Joinel GK 1 0 0 2008-2009
25%
83 Alexis Claude-Maurice AM 57 18 5 2017-2020
25%
211 Alhassan Wakaso DM 13 0 0 2016-2017
25%
156 Andreaw Gravillon CB 26 1 2 2020-2021
25%
174 André Ayew ST 22 3 1 2008-2009
25%
92 André-Pierre Gignac ST 51 11 6 2004-2007
25%
278 Anis Ayari LB 2 0 0 2006-2007
25%
243 Anthony Scaramozzino CB 7 0 0 2004-2005
25%
294 Antoine Buron RW 1 0 0 2008-2009
25%
13 Antony Gauvin CB 133 18 0 2000-2004
25%
9 Arnold Mvuemba DM 142 10 13 2009-2012, 2016-2018
25%
299 Aurélien Pelon CB 1 0 0 2023-2024
25%
226 Badredine Bouanani RW 11 1 0 2023-2024
25%
220 Bakary Soro CB 11 0 0 2008-2009
25%
275 Baptiste Mouazan CM 3 0 0 2021-2022
25%
250 Baptiste Reynet GK 6 0 0 2013-2014
25%
260 Bassirou N'Diaye ST 5 0 0 2023-2024
25%
20 Benjamin Genton CB 121 0 0 2004-2010
25%
58 Benjamin Jeannot ST 77 14 8 2014-2017
25%
231 Bertrand Robert LB 10 2 1 2007-2009
25%
165 Bryan Pelé LM 23 0 3 2013-2015
25%
189 Cafú CM 18 0 3 2016-2017
25%
128 Carl Medjani CB 34 0 0 2004-2005, 2006-2007
25%
70 Cédric Chabert MF 67 4 0 2001-2004
25%
164 Cheick Doukouré DM 23 1 0 2010-2011, 2013-2014
25%
252 Chrislain Matsima CB 6 0 0 2022-2023
25%
251 Christophe Aubanel AM 6 0 0 2004-2005
25%
84 Christophe Bastien RM 56 6 0 2003-2005
25%
177 Christophe Coué DM 21 0 0 2003-2006
25%
52 Christophe Ferron CB 82 0 0 2000-2003
25%
39 Christophe Jallet RB 97 3 6 2006-2009
25%
30 David Bouard DM 112 6 0 2000-2004
25%
179 David Recorbet CB 21 1 0 2005-2006
25%
284 Dembo Sylla RB 1 0 0 2023-2024
25%
115 Denis Bouanga LW 39 10 4 2014-2015, 2017-2018
25%
96 Didier Ndong DM 48 2 2 2014-2017
25%
192 Diego Yesso MF 18 0 0 2004-2007
25%
248 Enzo Genton CB 6 1 0 2024-2025
25%
169 Enzo Réale CM 22 1 2 2012-2014
25%
213 Erwin Koffi RB 13 0 1 2015-2017
25%
10 Fabien Lemoine DM 140 4 6 2017-2022
25%
107 Fabien Robert LM 42 2 0 2007-2008, 2010-2015
25%
31 Fabrice Abriel CM 111 10 9 2006-2009
25%
246 Fabrice Fiorèse RW 7 2 0 2006-2007
25%
183 Faïz Selemani LW 19 2 0 2016-2018
25%
295 Farid Talhaoui FW 1 0 0 2006-2007
25%
95 Felipe Saad CB 49 0 1 2017-2019
25%
198 Florent Chaigneau GK 17 0 0 2011-2012, 2013-2014, 2015-2016
25%
162 Francis Coquelin DM 24 1 1 2010-2011
25%
57 François Bellugou DM 79 2 1 2014-2017
25%
108 Franco Sosa RB 42 3 2 2009-2011
25%
63 Franklin Wadja DM 75 1 4 2017-2021
25%
279 Frédéric Nimani ST 2 0 1 2007-2008
25%
204 Gabriel Obertan RW 15 1 0 2008-2009
25%
215 Gabriel Peñalba CM 12 0 0 2009-2010, 2011-2012
25%
118 Gaël Danic LW 37 4 1 2005-2006, 2017-2018
25%
88 Gaëtan Courtet ST 53 8 1 2017-2019
25%
218 Garry Franchi DM 11 0 0 2003-2006
25%
217 Gianni Bruno ST 12 1 0 2014-2015
25%
61 Gilles Sunu RW 76 6 4 2010-2015
25%
298 Gino Caoki LB 1 0 0 2023-2024
25%
286 Grégoire Nadjior DF 1 0 0 2004-2005
25%
23 Grégory Bourillon CB 118 4 6 2009-2014
25%
81 Guillaume Moullec AM 59 3 2 2005-2007
25%
171 Guillaume Norbert RM 22 0 0 2001-2002, 2003-2004
25%
271 Hamadou Karamoko CB 3 0 0 2015-2016
25%
97 Hamed Namouchi AM 47 3 2 2006-2009
25%
249 Hernán Medina CB 6 0 0 2001-2002
25%
155 Ibrahima Conté CB 26 2 0 2017-2018
25%
265 Ibrahim Sissoko ST 4 0 0 2018-2019
25%
208 Imrân Louza CM 14 1 3 2023-2024
25%
153 Innocent Emeghara ST 28 5 2 2011-2013
25%
247 Isaac James LB 7 0 0 2024-2025
25%
272 Issam Ben Khemis CM 3 0 0 2015-2017
25%
151 Jacques Abardonado CB 28 0 0 2001-2002
25%
123 James Fanchone RW 35 1 1 2009-2011
25%
263 Jason Lokilo LW 4 0 0 2018-2019
25%
234 Jean Calvé RB 9 0 0 2008-2009
25%
71 Jean-Claude Darcheville ST 67 30 0 2000-2002
25%
283 Jean-Marie David AM 2 0 0 2002-2003
25%
209 Jean-Marie Eveno ST 13 2 0 2002-2003
25%
270 Jérémie Janot GK 3 0 0 2011-2012
25%
101 Jérôme Hergault RB 46 2 1 2019-2022
25%
15 Jimmy Cabot RM 126 12 18 2015-2020
25%
158 Joel Campbell RW 25 3 3 2011-2012
25%
146 Johan Audel LW 30 8 0 2005-2006
25%
166 Johan Cavalli AM 23 0 0 2001-2004
25%
206 Jonas Sakuwaha RW 14 0 0 2009-2010
25%
100 Jonathan Delaplace CM 46 0 5 2017-2021
25%
291 Jonathan Martins Pereira RB 1 0 0 2018-2019
25%
136 Jordan Ayew RW 31 12 6 2014-2015
25%
122 Joris Marveaux CM 36 1 0 2002-2006
25%
147 Joris Sainati CB 29 0 1 2018-2019
25%
221 Juan Manuel Barrientos LM 11 0 0 2005-2006
25%
264 Julian Pinard ST 4 0 0 2005-2006
25%
228 Julien Quercia ST 10 2 1 2011-2013
25%
259 Kamel Larbi ST 5 0 0 2005-2006
25%
230 Karim Dahou AM 10 0 0 2004-2005
25%
77 Karim Ziani AM 61 7 0 2004-2006
25%
99 Kemal Bourhani ST 47 11 0 2005-2008
25%
11 Kévin Monnet-Paquet LW 137 16 12 2010-2014
25%
276 Koffi Fiawoo ST 2 0 0 2000-2001
25%
254 Ladislas Douniama CF 6 0 0 2011-2012
25%
34 Lamine Gassama RB 110 1 4 2011-2016
25%
277 Larry Azouni CM 2 0 0 2013-2014
25%
141 Laurent Bourmaud RM 30 1 0 2000-2001
25%
200 Laurent Montoya LB 16 0 0 2002-2003
25%
173 Léo Pétrot LB 22 1 0 2021-2022
25%
116 Lindsay Rose CB 37 5 1 2015-2019
25%
143 Lionel Cappone GK 30 0 0 2006-2007, 2008-2011
25%
44 Loïc Druon LB 91 4 0 2000-2003
25%
282 Loris Mouyokolo CB 2 0 0 2020-2021, 2023-2024
25%
110 Lucas Mareque LB 41 1 3 2011-2013
25%
197 Ludovic Giuly RW 17 1 1 2012-2013
25%
227 Ludovic Pallier FW 10 0 0 2000-2001
25%
262 Ludovic Viltard ST 4 0 0 2002-2003
25%
139 Lynel Kitambala ST 31 6 4 2010-2012
25%
74 Majeed Waris CF 62 21 8 2015-2018
25%
273 Malcom Edjouma CM 3 0 0 2018-2019
25%
233 Mamadou Dansoko ST 9 0 0 2003-2005
25%
244 Mamadou Kamissoko CB 7 1 0 2018-2019
25%
261 Manfa Camara FW 4 0 0 2000-2001
25%
16 Marc Boutruche RB 126 0 0 2002-2009
25%
207 Mario Lemina DM 14 0 0 2012-2014
25%
258 Marvin Gakpa CM 5 0 0 2014-2016
25%
75 Mathieu Coutadeur CM 62 3 2 2011-2015
25%
188 Mathieu Peybernes CB 18 0 0 2016-2017
25%
140 Matthieu Dreyer GK 31 0 0 2020-2022
25%
112 Matthieu Saunier CB 41 1 0 2018-2020
25%
28 Maxime Baca RB 114 0 4 2009-2014
25%
126 Maxime Etuin LB 34 0 2 2017-2020
25%
163 Mehdi Mostefa DM 24 1 1 2014-2016
25%
18 Michaël Ciani CB 123 8 0 2006-2008, 2016-2017
25%
190 Mohamed Mara LW 18 2 2 2016-2017, 2019-2020
25%
242 Mohammed Abu DM 7 0 0 2012-2013
25%
33 Morgan Amalfitano RM 110 14 23 2008-2011
25%
196 Moritz Jenz CB 17 1 0 2021-2022
25%
212 Moryké Fofana LW 13 0 1 2015-2017
25%
245 Moussa Guel RW 7 0 0 2017-2019
25%
238 Moussa Saïb LM 8 1 0 2001-2002
25%
225 Nabil Taïder CM 11 1 1 2006-2007
25%
113 Nicolas Cloarec CM 40 1 0 2000-2002
25%
137 Nicolas Esceth-N'Zi RW 31 3 0 2001-2003
25%
255 Nicolas Flégeau CB 5 0 0 2004-2005
25%
257 Nicolas Hislen DM 5 0 0 2004-2005
25%
145 Nicolas Marin RM 30 1 2 2007-2008
25%
181 Olivier Monterrubio LW 20 4 4 2009-2011
25%
27 Oscar Ewolo CM 114 2 3 2005-2009
25%
235 Ousmane N'Doye DM 9 0 0 2003-2004
25%
50 Pape Malick Diop CB 84 3 0 2001-2005
25%
232 Pape Paye RB 10 0 0 2015-2016
25%
241 Papis M'Bodji ST 8 0 0 2006-2008
25%
91 Pascal Bédrossian LM 51 2 2 2000-2004
25%
214 Pascal Delhommeau CB 13 0 0 2001-2002
25%
144 Pascal Feindouno RW 30 6 0 2001-2002
25%
94 Patrice Loko ST 50 10 1 2002-2004
25%
236 Paul Delecroix GK 9 0 0 2016-2018
25%
64 Paul Nardi GK 73 0 0 2019-2022
25%
138 Pedrinho RB 31 1 1 2011-2015
25%
293 Peter Ouaneh CB 1 0 0 2018-2019
25%
287 Pierre Chavrondier MF 1 0 0 2000-2001
25%
142 Pierre Ducasse DM 30 1 1 2009-2010
25%
86 Quentin Boisgard CM 54 4 3 2020-2023
25%
216 Quentin Lecoeuche LM 12 0 0 2019-2020
25%
280 Rafael Moura ST 2 0 0 2007-2008
25%
102 Rafidine Abdullah DM 45 1 1 2013-2016
25%
42 Rafik Saïfi ST 95 26 7 2006-2009
25%
130 Rahmane Barry CF 33 3 0 2005-2007
25%
267 Redwan Bourlès LM 4 0 0 2021-2022
25%
193 Remi Mulumba DM 17 0 0 2010-2012, 2015-2016
25%
288 Rémi Savejvong MF 1 0 0 2000-2001
25%
170 Rémy Riou GK 22 0 0 2006-2007
25%
41 Richard Martini CB 96 5 0 2001-2005
25%
65 Robson ST 72 16 0 2002-2005
25%
131 Romain Faivre RM 33 10 4 2022-2024
25%
60 Romain Philippoteaux LM 76 4 6 2014-2017
25%
219 Romain Salin GK 11 0 0 2004-2006
25%
300 Royce Openda LW 1 0 0 2023-2024
25%
121 Sadio Diallo AM 36 3 2 2013-2015
25%
274 Samuel Loric LB 3 0 0 2021-2022
25%
185 Sebastián Dubarbier LB 19 1 0 2009-2012
25%
202 Sébastien Le Toux ST 15 1 0 2004-2006
25%
222 Sébastien Roth GK 11 0 0 2004-2005
25%
266 Serge Ayeli FW 4 0 0 2004-2005
25%
289 Simon Falette CB 1 0 0 2011-2012
25%
38 Stéphane Le Garrec GK 101 0 0 2000-2005
25%
210 Stéphane Lestin FW 13 1 0 2000-2001
25%
240 Stéphane N'Guéma RW 8 0 0 2005-2006
25%
53 Stéphane Pédron LM 82 5 0 2003-2007
25%
268 Steve Haguy RW 3 0 0 2002-2003
25%
172 Steve Marlet ST 22 1 0 2006-2007
25%
203 Sylvain Macé AM 15 2 0 2004-2006
25%
7 Sylvain Marchal CB 146 6 0 2005-2010
25%
56 Sylvain Marveaux AM 79 15 12 2016-2017, 2019-2021
25%
134 Sylvain Ripoll DM 32 2 0 2000-2001, 2002-2003
25%
26 Tchiressoua Guel AM 116 20 0 2001-2003, 2005-2006
25%
150 Therry Racon DM 28 3 0 2004-2005
25%
175 Thomas Fontaine CB 22 0 1 2019-2022
25%
76 Thomas Monconduit DM 61 5 2 2020-2022
25%
180 Tiemoué Bakayoko DM 20 2 0 2023-2024
25%
159 Tony Koutouan LW 25 8 0 2003-2004
25%
148 Trevoh Chalobah CB 29 2 2 2020-2021
25%
290 Tristan Boubaya DM 1 0 0 2018-2019
25%
36 Ulrich Le Pen LM 107 13 10 2000-2001, 2006-2009
25%
178 Umut Bozok ST 21 2 1 2019-2021
25%
176 Valentin Lavigne ST 21 3 1 2014-2016
25%
135 Vincent Gragnic AM 32 3 0 2003-2005
25%
105 Virgile Reset RW 43 5 0 2003-2006
25%
54 Walid Mesloub CM 82 1 10 2014-2017
25%
14 Wesley Lautoa CB 126 4 2 2011-2017
25%
296 Wilfried Ebane LB 1 0 0 2018-2019
25%
195 Xavier Dablemont FW 17 2 0 2000-2001
25%
93 Xavier Dudoit MF 50 5 0 2000-2003
25%
223 Yannick Baret DM 11 0 0 2002-2003
25%
4 Yann Jouffre RM 202 18 30 2007-2016
25%
229 Yann Kitala ST 10 2 0 2019-2020
25%
29 Yazid Mansouri CM 112 1 3 2006-2010
25%
167 Yoann Cathline LW 23 1 1 2022-2023
25%
292 Yoann Etienne LB 1 0 0 2020-2021
25%
237 Yoann Wachter RB 8 0 0 2014-2015
25%
125 Yohan Bouzin LB 34 2 0 2001-2003
25%
129 Yohan Hautcoeur CM 33 0 5 2007-2008
25%
269 Yrondu Musavu-King CB 3 0 0 2015-2016
25%
62 Zargo Touré CB 76 5 1 2015-2018
25%
No matching quizzes found
Score Distribution
Percent of People with Each Score
Percentile by Number Answered
Your Score History
You have not taken this quiz